| 000 | 01079nam0a22002771 4500 | ||
|---|---|---|---|
| 001 | rc\4621799 | ||
| 005 | 20260406171738.0 | ||
| 021 |
_aRU _b[61-43747] |
||
| 035 | _a(NLR Aleph) 008674958 | ||
| 090 |
_a9143262 _c9143262 |
||
| 100 | _a20130416d1961 |||y0rusy50 ca | ||
| 101 | 0 | _arus | |
| 102 | _aRU | ||
| 105 | _aa z ||||| | ||
| 200 | 1 |
_aСборник научных трудов Института акушерства и гинекологии _f[Ред. коллегия: ...Е.И. Кватер (отв. ред.) и др.] _gМ-во здравоохранения РСФСР... |
|
| 210 |
_aМосква _cБ. и. _d1961 |
||
| 215 |
_a255 с. _cил. _d22 |
||
| 606 |
_aГинекология _jСборники _2psbo |
||
| 606 |
_aАкушерство _jСборники _2psbo |
||
| 702 | 1 |
_aКватер _bЕ.И. _gЕфим Ильич _4340 |
|
| 710 | 0 | 2 |
_aНИИ акушерства и гинекологии _cМосква _3RU\NLR\AUTH\889939223 _9373323 |
| 801 | 0 |
_aRU _bNLR _gpsbo |
|
| 801 | 1 |
_aRU _bELAR _2rusmarc |
|
| 852 |
_aNLR _j61-5/2934 |
||
| 942 | _cBOOK | ||
| 980 | _aNB | ||